000 01297nam0a22002891 4500
001 rc\456202
005 20260406204031.0
010 _a5-7966-0121-0
_91500
035 _a(NLR Aleph) 005700852
090 _a7275795
_c7275795
100 _a20030616d1988 |||y0rusy50 ca
101 0 _arus
102 _aRU
105 _aa |||||||||
200 1 _aБиомеханика
_eПробл. и исслед.
_e[Материалы конф., 20-22 апр. 1983 г., Юрмала
_fРедкол.: В.К. Калнберз (гл. ред.) и др.]
210 _aРига
_cЗинатне
_d1988
215 _a291 с., [2] л. ил.
_cил.
_d25
300 _aВ надзаг.: М-во здравоохранения ЛатвССР, Латв. НИИ травматологии и ортопедии
320 _aБиблиогр. в конце докл.
702 1 _aКалиберз
_bВ.К.
_gВиктор Константинович
_4340
712 0 2 _aЛатвийский НИИ травматологии и ортопедии
_cРига
_3RU\NLR\AUTH\889964368
_9424976
712 1 2 _aВсесоюзная конф. по проблемам биомеханики
_d3
_f1983
_eЮрмала
801 0 _aRU
_bNLR
_gpsbo
801 1 _aRU
_bELAR
_2rusmarc
852 _aNLR
_j88-7/725
942 _cBOOK
980 _aNB